| 000 | 00373nam a2200157Ia 4500 | ||
|---|---|---|---|
| 005 | 20250425035844.0 | ||
| 008 | 240331s9999 xx 000 0 und d | ||
| 082 |
_bJAY _a891 |
||
| 100 | _aJayasinghe,R | ||
| 245 | 0 | _aBeeshanaye doonkaraya | |
| 260 |
_aGanemulla _bSuredra Publications _c1994 |
||
| 300 | _a260 p ., | ||
| 650 | _aHumanity | ||
| 650 | _aCulture | ||
| 942 | _cL | ||
| 999 |
_c4786 _d4786 |
||